Swindon Town FC Squad 2025-2026 - Statistics

General Stats
  • This quiz has been taken 7 times
  • The average score is 24 of 28
Answer Stats
Position Answer % Correct
FW Aaron Drinan
100%
DF Billy Kirkman
100%
GK Connor Ripley
100%
MF Darren Oldaker
100%
DF Filozofe Mabete
100%
DF Finley Munroe
100%
FW Harry Smith
100%
MAN Ian Holloway
100%
DF Jamie Knight-Lebel
100%
DF Joel McGregor
100%
MF Joe Snowdon
100%
GK Lewis Ward
100%
FW Ollie Palmer
100%
FW Paul Glatzel
100%
FW Princewill Ehibhatiomhan
100%
DF Ryan Tafazolli
100%
FW Tom Nichols
100%
DF Tom Wilson-Brown
100%
DF Will Wright
100%
MF Adam Murphy
67%
MF Billy Bodin
67%
MF Gavin Kilkenny
67%
MF James Ball
67%
MF Ollie Clarke
67%
DF Ryan Delaney
67%
DF Antony McCormick
33%
FW Danny Butterworth
33%
DF Harrison Minturn
33%
No matching quizzes found
Score Distribution
Percent of People with Each Score
Percentile by Number Answered
Your Score History
You have not taken this quiz